The Penguin History of Early India: (Record no. 332314)
[ view plain ]
| 000 -LEADER | |
|---|---|
| fixed length control field | 00872 a2200181 4500 |
| 003 - CONTROL NUMBER IDENTIFIER | |
| control field | NUST |
| 005 - DATE AND TIME OF LATEST TRANSACTION | |
| control field | 20171123111653.0 |
| 008 - FIXED-LENGTH DATA ELEMENTS--GENERAL INFORMATION | |
| fixed length control field | 171123b xxu||||| |||| 00| 0 eng d |
| 020 ## - INTERNATIONAL STANDARD BOOK NUMBER | |
| International Standard Book Number | 0143029894 |
| 040 ## - CATALOGING SOURCE | |
| Original cataloging agency | DLC |
| Language of cataloging | DLC |
| Transcribing agency | 0 |
| 082 ## - DEWEY DECIMAL CLASSIFICATION NUMBER | |
| Classification number | 954 THA |
| 100 ## - MAIN ENTRY--PERSONAL NAME | |
| Personal name | Thapar, Romila. |
| 9 (RLIN) | 6739 |
| 245 ## - TITLE STATEMENT | |
| Title | The Penguin History of Early India: |
| Statement of responsibility, etc. | Romila,Thapar |
| Remainder of title | from the origins to AD 1300 |
| 260 ## - PUBLICATION, DISTRIBUTION, ETC. | |
| Place of publication, distribution, etc. | New Delhi: |
| Name of publisher, distributor, etc. | Penguin Books, |
| Date of publication, distribution, etc. | 2002. |
| 300 ## - PHYSICAL DESCRIPTION | |
| Extent | xxx, 556 p. ; |
| Dimensions | 25 cm. |
| 500 ## - GENERAL NOTE | |
| General note | Includes Index |
| 501 ## - WITH NOTE | |
| With note | P.B |
| 650 ## - SUBJECT ADDED ENTRY--TOPICAL TERM | |
| Topical term or geographic name entry element | 1.India --History --To 324 B.C. 2.India --History --324 B.C.-1000 A.D. 3.India --History --1000-1526. |
| 9 (RLIN) | 6740 |
| 942 ## - ADDED ENTRY ELEMENTS (KOHA) | |
| Koha item type | Book |
| Call number prefix | IESE |
| Source of classification or shelving scheme | |
| Withdrawn status | Lost status | Source of classification or shelving scheme | Damaged status | Not for loan | Collection code | Permanent Location | Current Location | Shelving location | Date acquired | Total Checkouts | Full call number | Barcode | Date last seen | Price effective from | Koha item type |
|---|---|---|---|---|---|---|---|---|---|---|---|---|---|---|---|
| Institute of Environmental Science and Engineering (IESE) | Institute of Environmental Science and Engineering (IESE) | Fiction | 11/23/2017 | 954 THA | IESE-1409 | 11/23/2017 | 11/23/2017 | Book | |||||||
| Institute of Environmental Science and Engineering (IESE) | Institute of Environmental Science and Engineering (IESE) | Fiction | 11/23/2017 | 954 THA | IESE-1410 | 11/23/2017 | 11/23/2017 | Book |
